000 00923nam a22002414a 4500
005 20090728135143.0
008 081206s2009 ii b 001 0 eng
010 _aENG-94581
020 _a9788178001869
_c150.00
035 _aEN-78114
037 _bDBAD / PUB
040 _adpl
_bEnglish
082 _a333.7
100 _aVidya Sogar, G.
245 _aObjective question bank and glossary in environmental studies /
_cby G. Vidya Sagar and Prabhu Prasadini
260 _aHyderabad
_bBS Publications
_c2009
270 _a4-4-309, Giriraj Lane, Sultan Bazar,
_bHyderabad
_e500095
300 _ax, 343p.
_c25cm(pbk)
500 _aIncludes glossary
700 _aPrasadini, Prabhu
942 _2ddc
_cEN
_mVID
_h333.7
999 _c28733
_d28733